Statistics for All First-Level Subdivisions of Africa on a Map

Click here to take the quiz!

General Stats

  • This quiz has been taken 3,103 times
  • The average score is 113 of 940

Answers on the Map

Answers color-coded by a green-red scale on the quiz's map according to % correct below.
Loading ...
 

Answer Stats

CountryTypeSubdivision% Correct
EgyptGovernorateCairo
86%
Sierra LeoneProvinceEastern
80%
CameroonRegionSouth
80%
RwandaProvinceSouthern
80%
RwandaProvinceNorthern
79%
Burkina FasoRegionNord
79%
CameroonRegionWest
79%
CameroonRegionNorth
79%
SudanStateNorthern
79%
GambiaRegionNorth Bank
79%
MalawiRegionNorthern
79%
GambiaRegionWest Coast
79%
ZambiaProvinceNorthern
79%
Sierra LeoneProvinceNorthern
79%
RwandaProvinceWestern
79%
GhanaRegionWestern
79%
ZambiaProvinceWestern
79%
Sierra LeoneAreaWestern
79%
ZambiaProvinceSouthern
78%
Sierra LeoneProvinceSouthern
78%
GhanaRegionEastern
78%
Burkina FasoRegionEst
78%
BotswanaDistrictSouthern
78%
EritreaRegionDebub
78%
GhanaRegionNorthern
78%
CameroonRegionEast
78%
MalawiRegionSouthern
78%
ZambiaProvinceEastern
78%
EthiopiaRegionSouthern Nations, Nationalities, and Peoples' Region
78%
RwandaProvinceEastern
78%
MoroccoRegionOriental
78%
EgyptGovernorateAlexandria
74%
MoroccoRegionRabat-Salé-Kénitra
73%
TunisiaGovernorateTunis
72%
AlgeriaProvinceAlgiers
72%
LibyaDistrictTripoli
71%
MoroccoRegionCasablanca-Settat
69%
NigeriaStateLagos
68%
Democratic Republic of the CongoProvinceKinshasa
68%
KenyaCountyNairobi
68%
NigeriaTerritoryFederal Capital Territory
66%
TanzaniaRegionDar es Salaam
61%
EthiopiaCityAddis Ababa
61%
AngolaProvinceLuanda
60%
GhanaRegionCentral
59%
CameroonRegionCentral
59%
DjiboutiRegionDjibouti
59%
EritreaRegionMaekel
59%
Burkina FasoRegionCentre
59%
TogoRegionCentrale
59%
SenegalRegionDakar
58%
Republic of the CongoDepartmentBrazzaville
58%
SudanStateRiver Nile
56%
SudanStateKhartoum
56%
BotswanaDistrictCentral
56%
MalawiRegionCentral
56%
ZambiaProvinceCentral
56%
GhanaRegionGreater Accra
54%
UgandaDistrictKampala
52%
MoroccoRegionFès-Meknès
50%
CameroonRegionNorthwest
49%
BotswanaDistrictNorth-West
49%
South AfricaProvinceNorth West
49%
Sierra LeoneProvinceNorth West
49%
ZambiaProvinceNorth-Western
49%
MozambiqueProvinceMaputo
48%
GhanaRegionWestern North
48%
ZimbabweProvinceHarare
48%
MaliRegionBamako
48%
MozambiqueCityMaputo
48%
São Tomé and PríncipeAutonomous RegionPríncipe
48%
ChadRegionN'Djamena
47%
Guinea-BissauAutonomous SectorBissau
47%
EgyptGovernorateLuxor
47%
CameroonRegionSouthwest
47%
Burkina FasoRegionSud-Ouest
47%
RwandaProvinceKigali
46%
BotswanaDistrictNorth-East
46%
MoroccoRegionMarrakesh-Safi
46%
MoroccoRegionTanger-Tetouan-Al Hoceima
46%
BotswanaDistrictSouth-East
46%
AlgeriaProvinceOran
46%
GhanaRegionNorth East
46%
NigerRegionNiamey
44%
TanzaniaRegionDodoma
44%
ZambiaProvinceLusaka
43%
KenyaCountyMombasa
42%
Central African RepublicAutonomous CommuneBangui
42%
LibyaDistrictBenghazi
42%
SpainAutonomous CityCeuta
41%
EthiopiaRegionSomali
41%
GambiaCityBanjul
40%
GuineaRegionConakry
39%
BotswanaCityGaborone
39%
NigeriaStateNiger
38%
Ivory CoastDistrictAbidjan
38%
SpainAutonomous ComunityCanary Islands
38%
Cape VerdeMunicipalityPraia
37%
SpainAutonomous CityMelilla
36%
NigeriaStateKano
36%
EgyptGovernorateGiza
35%
LesothoDistrictMaseru
34%
Cape VerdeMunicipalityPorto Novo
33%
EgyptGovernorateSuez
33%
BurundiProvinceBujumbura Mairie
32%
Ivory CoastDistrictYamoussoukro
32%
EgyptGovernorateRed Sea
31%
South AfricaProvinceWestern Cape
31%
BurundiProvinceGitega
30%
EgyptGovernorateAswan
29%
South AfricaProvinceEastern Cape
29%
South AfricaProvinceKwaZulu-Natal
29%
FranceRegionRéunion
28%
SudanStateRed Sea
28%
PortugalAutonomous RegionMadeira
28%
NamibiaRegionZambezi
27%
MauritiusIslandMauritius
26%
United KingdomTerritorySaint Helena, Ascension and Tristan da Cunha
26%
EgyptGovernoratePort Said
26%
South AfricaProvinceNorthern Cape
26%
EgyptGovernorateSouth Sinai
25%
EgyptGovernorateNorth Sinai
25%
South AfricaProvinceFree State
23%
TanzaniaRegionTanga
21%
SudanStateBlue Nile
21%
TanzaniaRegionMara
21%
FranceRegionMayotte
21%
TanzaniaRegionKilimanjaro
20%
South AfricaProvinceMpumalanga
20%
SudanStateWhite Nile
20%
AngolaProvinceCabinda
20%
MoroccoRegionSouss-Massa
20%
Burkina FasoRegionSahel
19%
South AfricaProvinceLimpopo
19%
TunisiaGovernorateSfax
19%
Democratic Republic of the CongoProvinceTanganyika
19%
Cape VerdeMunicipalitySal
18%
South AfricaProvinceGauteng
18%
EgyptGovernorateNew Valley
16%
NigeriaStateDelta
16%
SomaliaRegionBay
16%
AlgeriaProvinceConstantine
15%
EthiopiaRegionTigray
15%
GhanaRegionVolta
14%
EthiopiaRegionAmhara
13%
MaliRegionGao
13%
SenegalRegionSaint-Louis
13%
MadagascarProvinceSava
13%
SeychellesDistrictSaint Louis
13%
EthiopiaRegionOromia
13%
AngolaProvinceZaire
13%
ZimbabweProvinceBulawayo
12%
EthiopiaRegionAfar
12%
NigerRegionAgadez
12%
MozambiqueProvinceGaza
12%
LibyaDistrictSirte
11%
TunisiaGovernorateSousse
11%
ChadRegionBahr el Gazel
11%
GhanaRegionSavannah
11%
MoroccoRegionLaâyoune-Sakia El Hamra
11%
SudanStateSouth Darfur
11%
SudanStateNorth Darfur
11%
Republic of the CongoDepartmentPointe-Noire
11%
TanzaniaRegionArusha
11%
SudanStateEast Darfur
10%
SudanStateWest Darfur
10%
Burkina FasoRegionPlateau-Central
10%
TunisiaGovernorateKef
10%
NigeriaStatePlateau
10%
South SudanStateUpper Nile
10%
BeninDepartmentPlateau
10%
EgyptGovernorateDamietta
10%
NigeriaStateRivers
10%
Democratic Republic of the CongoProvinceNorth Kivu
9%
MaliRegionTombouctou
9%
ComorosIslandGrande Comore
9%
BeninDepartmentLittoral
9%
MoroccoRegionDrâa-Tafilalet
9%
AlgeriaProvinceAnnaba
9%
EgyptGovernorateIsmailia
9%
Democratic Republic of the CongoProvinceSouth Kivu
9%
AngolaProvinceBenguela
9%
Equatorial GuineaProvinceKié-Ntem
9%
CameroonRegionLittoral
9%
TogoRegionKara
9%
EthiopiaCityDire Dawa
9%
EgyptGovernorateAsyut
9%
TunisiaGovernorateBéja
9%
EgyptGovernorateQena
9%
TunisiaGovernorateKairouan
9%
South SudanStateLakes
9%
SudanStateCentral Darfur
9%
Democratic Republic of the CongoProvinceKongo Central
8%
EgyptGovernorateFaiyum
8%
EgyptGovernorateMatrouh
8%
Democratic Republic of the CongoProvinceKasaï
8%
GhanaRegionAshanti
8%
EthiopiaRegionGambela
8%
LibyaDistrictMisrata
8%
EgyptGovernorateSohag
8%
LibyaDistrictWadi al Hayaa
8%
MauritaniaRegionAdrar
8%
LibyaDistrictWadi al Shatii
8%
EgyptGovernorateBeni Suef
8%
EgyptGovernorateMinya
8%
AlgeriaProvinceAdrar
8%
AlgeriaProvinceIn Salah
8%
Burkina FasoRegionCentre-Nord
8%
NigerRegionZinder
8%
CameroonRegionFar North
8%
CameroonRegionAdamawa
8%
AlgeriaProvinceTlemcen
8%
Burkina FasoRegionCentre-Sud
8%
Burkina FasoRegionCentre-Ouest
8%
NigeriaStateOyo
8%
ChadRegionLac
8%
AngolaProvinceBié
8%
NigeriaStateBorno
8%
AngolaProvinceHuambo
8%
Burkina FasoRegionCentre-Est
8%
NigeriaStateKaduna
8%
BotswanaCityFrancistown
8%
Cape VerdeMunicipalitySanta Cruz
7%
AlgeriaProvinceTiaret
7%
AlgeriaProvinceSétif
7%
EgyptGovernorateMonufia
7%
EgyptGovernorateKafr El Sheikh
7%
LiberiaCountyMaryland
7%
NigeriaStateKebbi
7%
NigeriaStateKatsina
7%
LibyaDistrictDerna
7%
EgyptGovernorateGharbia
7%
AngolaProvinceMoxico
7%
EgyptGovernorateQalyubiyya
7%
NigeriaStateSokoto
7%
EgyptGovernorateSharqia
7%
LibyaDistrictGhat
7%
EthiopiaRegionBenishangul-Gumuz
7%
LibyaDistrictKufra
7%
AlgeriaProvinceTindouf
7%
AlgeriaProvinceTizi Ouzou
7%
Equatorial GuineaProvinceWele-Nzas
7%
EthiopiaRegionHarari
7%
SomaliaRegionBari
7%
AngolaProvinceNamibe
7%
EgyptGovernorateDakahlia
7%
LiberiaCountyBong
7%
GambiaRegionLower River
7%
NigeriaStateAdamawa
7%
ChadRegionMoyen-Chari
7%
MozambiqueProvinceNampula
7%
AlgeriaProvinceBatna
7%
Democratic Republic of the CongoProvinceÉquateur
7%
AlgeriaProvinceBéchar
7%
MozambiqueProvinceTete
7%
Democratic Republic of the CongoProvinceIturi
7%
AlgeriaProvinceBéjaïa
7%
MoroccoRegionDakhla-Oued Ed-Dahab
7%
AlgeriaProvinceBlida
7%
UgandaDistrictMadi-Okollo
7%
EgyptGovernorateBeheira
7%
TunisiaGovernorateBizerte
7%
AlgeriaProvinceEl Oued
7%
AlgeriaProvinceNaâma
7%
NigeriaStateEdo
7%
NigeriaStateEnugu
7%
KenyaCountyTurkana
7%
TanzaniaRegionMwanza
7%
GambiaRegionUpper River
7%
AlgeriaProvinceMila
7%
AlgeriaProvinceOuargla
7%
MaliRegionKayes
7%
MaliRegionMopti
7%
DjiboutiRegionArta
7%
TogoRegionPlateaux
6%
Ivory CoastDistrictSavanes
6%
SudanStateKassala
6%
SudanStateNorth Kordofan
6%
LibyaDistrictAl Wahat
6%
KenyaCountyKisumu
6%
KenyaCountyNakuru
6%
ZambiaProvinceCopperbelt
6%
SudanStateSouth Kordofan
6%
KenyaCountyLamu
6%
LibyaDistrictJabal al Gharbi
6%
LibyaDistrictJabal al Akhdar
6%
TunisiaGovernorateMonastir
6%
TunisiaGovernorateGabès
6%
LibyaDistrictButnan
6%
TogoRegionSavanes
6%
MozambiqueProvinceCabo Delgado
6%
NigeriaStateZamfara
6%
LibyaDistrictMarj
6%
NigerRegionTillabéri
6%
MaliRegionSégou
6%
NigeriaStateBauchi
6%
MaliRegionSikasso
6%
NigeriaStateAnambra
6%
NigeriaStateAbia
6%
MauritaniaRegionNouakchott-Nord
6%
MauritaniaRegionNouakchott-Ouest
6%
MauritaniaRegionNouakchott-Sud
6%
MauritiusIslandRodrigues
6%
NigeriaStateBayelsa
6%
MoroccoRegionBéni Mellal-Khénifra
6%
NigerRegionTahoua
6%
NigerRegionMaradi
6%
NigerRegionDosso
6%
NigerRegionDiffa
6%
MozambiqueProvinceZambezia
6%
MozambiqueProvinceSofala
6%
MozambiqueProvinceNiassa
6%
MozambiqueProvinceManica
6%
MaliRegionKidal
6%
NigeriaStateBenue
6%
LibyaDistrictMurqub
6%
MozambiqueProvinceInhambane
6%
LibyaDistrictMurzuq
6%
LibyaDistrictSabha
6%
SeychellesDistrictCascade
6%
SenegalRegionZiguinchor
6%
SenegalRegionThiès
6%
AlgeriaProvinceAïn Defla
6%
Republic of the CongoDepartmentSangha
6%
Republic of the CongoDepartmentPlateaux
6%
NigeriaStateYobe
6%
NigeriaStateCross River
6%
NigeriaStateTaraba
6%
NigeriaStateOsun
6%
NigeriaStateOndo
6%
NigeriaStateOgun
6%
NigeriaStateKwara
6%
NigeriaStateKogi
6%
NigeriaStateJigawa
6%
NigeriaStateImo
6%
NigeriaStateEkiti
6%
NigeriaStateGombe
6%
ZimbabweProvinceMidlands
6%
AlgeriaProvinceSouk Ahras
6%
Democratic Republic of the CongoProvinceManiema
6%
AlgeriaProvinceSaïda
6%
GambiaRegionCentral River
6%
AlgeriaProvinceSidi Bel Abbès
6%
AlgeriaProvinceGuelma
6%
AlgeriaProvinceEl Bayadh
6%
AlgeriaProvinceDjelfa
6%
AlgeriaProvinceGhardaïa
6%
Cape VerdeMunicipalitySão Vicente
6%
Democratic Republic of the CongoProvinceMongala
6%
AlgeriaProvinceDjanet
6%
Democratic Republic of the CongoProvinceMai-Ndombe
6%
Democratic Republic of the CongoProvinceSankuru
6%
AlgeriaProvinceChlef
6%
GhanaRegionBono
6%
AlgeriaProvinceBoumerdès
6%
AlgeriaProvinceKhenchela
6%
Democratic Republic of the CongoProvinceLualaba
6%
Democratic Republic of the CongoProvinceLomami
6%
AlgeriaProvinceBouïra
6%
Democratic Republic of the CongoProvinceKwilu
6%
Democratic Republic of the CongoProvinceKwango
6%
Democratic Republic of the CongoProvinceKasaï-Oriental
6%
Democratic Republic of the CongoProvinceNord-Ubangi
6%
AlgeriaProvinceIllizi
6%
Democratic Republic of the CongoProvinceHaut-Uele
6%
EswatiniRegionManzini
6%
AlgeriaProvinceM'sila
6%
AlgeriaProvinceMascara
6%
AlgeriaProvinceMédéa
6%
AlgeriaProvinceEl Menia
6%
AlgeriaProvinceMostaganem
6%
AlgeriaProvinceJijel
6%
Equatorial GuineaProvinceLitoral
6%
EritreaRegionAnseba
6%
EritreaRegionNorthern Red Sea
6%
EritreaRegionSouthern Red Sea
6%
GabonProvinceEstuaire
6%
Democratic Republic of the CongoProvinceSud-Ubangi
6%
AlgeriaProvinceIn Guezzam
6%
Cape VerdeMunicipalityBoa Vista
6%
Equatorial GuineaProvinceBioko Norte
6%
Equatorial GuineaProvinceAnnobón
6%
DjiboutiRegionObock
6%
DjiboutiRegionDikhil
6%
DjiboutiRegionAli Sabieh
6%
Democratic Republic of the CongoProvinceTshuapa
6%
Democratic Republic of the CongoProvinceTshopo
6%
AlgeriaProvinceRelizane
6%
Democratic Republic of the CongoProvinceKasaï-Central
6%
AlgeriaProvinceLaghouat
6%
GhanaRegionUpper East
6%
AngolaProvinceCuanza Norte
6%
ChadRegionBorkou
6%
AngolaProvinceLunda Norte
6%
AngolaProvinceBengo
6%
AngolaProvinceCuando Cubango
6%
AlgeriaProvinceSkikda
6%
BeninDepartmentAtlantique
6%
ChadRegionKanem
6%
AlgeriaProvinceTipaza
6%
AngolaProvinceCuanza Sul
6%
AngolaProvinceUíge
6%
AngolaProvinceCunene
6%
GuineaRegionKankan
6%
ChadRegionBatha
6%
AngolaProvinceMalanje
6%
AngolaProvinceHuíla
6%
ChadRegionSila
6%
AlgeriaProvinceTouggourt
6%
ChadRegionTibesti
6%
BotswanaDistrictChobe
6%
Democratic Republic of the CongoProvinceHaut-Lomami
6%
Democratic Republic of the CongoProvinceHaut-Katanga
6%
Democratic Republic of the CongoProvinceBas-Uele
6%
AlgeriaProvinceBiskra
6%
GhanaRegionUpper West
6%
BotswanaDistrictGhanzi
6%
AlgeriaProvinceTébessa
6%
AngolaProvinceLunda Sul
6%
ComorosIslandAnjouan
6%
BeninDepartmentMono
6%
BeninDepartmentOuémé
6%
BeninDepartmentZou
6%
Republic of the CongoDepartmentLékoumou
5%
Republic of the CongoDepartmentBouenza
5%
ChadRegionChari-Baguirmi
5%
ChadRegionGuéra
5%
BurundiProvinceRutana
5%
BurundiProvinceNgozi
5%
TunisiaGovernorateGafsa
5%
Republic of the CongoDepartmentKouilou
5%
Republic of the CongoDepartmentNiari
5%
Republic of the CongoDepartmentCuvette
5%
ChadRegionEnnedi-Est
5%
Republic of the CongoDepartmentPool
5%
Republic of the CongoDepartmentLikouala
5%
ChadRegionEnnedi-Ouest
5%
Republic of the CongoDepartmentCuvette-Ouest
5%
Central African RepublicPrefectureOuham
5%
Cape VerdeMunicipalityBrava
5%
Central African RepublicPrefectureNana-Grébizi
5%
Central African RepublicPrefectureHaut-Mbomou
5%
Central African RepublicPrefectureKémo
5%
Central African RepublicPrefectureBasse-Kotto
5%
TunisiaGovernorateTozeur
5%
TunisiaGovernorateTataouine
5%
NigeriaStateEbonyi
5%
Central African RepublicPrefectureLobaye
5%
Central African RepublicPrefectureMambéré-Kadéï
5%
Central African RepublicPrefectureMbomou
5%
Cape VerdeMunicipalitySão Miguel
5%
Cape VerdeMunicipalitySão Filipe
5%
TunisiaGovernorateMahdia
5%
Central African RepublicPrefectureNana-Mambéré
5%
NigeriaStateNasarawa
5%
Central African RepublicPrefectureOmbella-M'Poko
5%
Cape VerdeMunicipalitySanta Catarina
5%
TunisiaGovernorateNabeul
5%
Central African RepublicPrefectureOuaka
5%
NigeriaStateAkwa Ibom
5%
Central African RepublicPrefectureHaute-Kotto
5%
Central African RepublicPrefectureOuham-Pendé
5%
Central African RepublicPrefectureVakaga
5%
Cape VerdeMunicipalityPaul
5%
Central African RepublicPrefectureBamingui-Bangoran
5%
SenegalRegionMatam
5%
TunisiaGovernorateAriana
5%
SomaliaRegionSanaag
5%
BeninDepartmentCollines
5%
BeninDepartmentKouffo
5%
BeninDepartmentDonga
5%
BotswanaTownJwaneng
5%
SomaliaRegionWoqooyi Galbeed
5%
SomaliaRegionTogdheer
5%
SomaliaRegionSool
5%
SomaliaRegionNugal
5%
South SudanStateEastern Equatoria
5%
SomaliaRegionMudug
5%
SomaliaRegionMiddle Shabelle
5%
SomaliaRegionMiddle Juba
5%
SomaliaRegionLower Shabelle
5%
SomaliaRegionLower Juba
5%
SomaliaRegionHiran
5%
SomaliaRegionGedo
5%
South SudanStateCentral Equatoria
5%
South SudanStateJonglei
5%
BotswanaDistrictKgalagadi
5%
BeninDepartmentAlibori
5%
AlgeriaProvinceTamanghasset
5%
SudanStateWest Kordofan
5%
AlgeriaProvinceTimimoun
5%
AlgeriaProvinceTissemsilt
5%
SudanStateSennar
5%
SudanStateAl Qadarif
5%
TanzaniaRegionGeita
5%
BeninDepartmentAtakora
5%
BeninDepartmentBorgou
5%
South SudanStateWestern Equatoria
5%
South SudanStateWestern Bahr el Ghazal
5%
South SudanStateWarrap
5%
South SudanStateUnity
5%
TanzaniaRegionIringa
5%
TanzaniaRegionKagera
5%
South SudanStateNorthern Bahr el Ghazal
5%
SomaliaRegionGalguduud
5%
BotswanaDistrictKgatleng
5%
TogoRegionMaritime
5%
ChadRegionHadjer-Lamis
5%
TanzaniaRegionRuvuma
5%
TanzaniaRegionTabora
5%
Burkina FasoRegionHauts-Bassins
5%
BurundiProvinceBubanza
5%
SenegalRegionTambacounda
5%
AlgeriaProvinceOum el-Bouaghi
5%
BurundiProvinceBujumbura Rural
5%
SenegalRegionLouga
5%
TanzaniaRegionRukwa
5%
SenegalRegionKolda
5%
SenegalRegionKédougou
5%
SenegalRegionKaolack
5%
SenegalRegionFatick
5%
SenegalRegionDiourbel
5%
BurundiProvinceBururi
5%
AlgeriaProvinceOuled Djellal
5%
GuineaRegionNzérékoré
5%
TanzaniaRegionPwani
5%
SomaliaRegionBanaadir
5%
Burkina FasoRegionBoucle du Mouhoun
5%
SomaliaRegionBakool
5%
SomaliaRegionAwdal
5%
BotswanaDistrictKweneng
5%
BotswanaTownLobatse
5%
BotswanaTownOrapa
5%
BotswanaTownSelebi-Phikwe
5%
BotswanaTownshipSowa
5%
TanzaniaRegionKigoma
5%
TanzaniaRegionPemba South
5%
TanzaniaRegionLindi
5%
TanzaniaRegionMbeya
5%
TanzaniaRegionMjini Magharibi
5%
TanzaniaRegionMorogoro
5%
SeychellesDistrictLa Digue and Inner Islands
5%
TanzaniaRegionMtwara
5%
TanzaniaRegionPemba North
5%
Burkina FasoRegionCascades
5%
NamibiaRegionǁKaras
5%
GuineaRegionMamou
5%
NamibiaRegionOtjozondjupa
5%
AlgeriaProvinceBordj Bou Arréridj
5%
KenyaCountyWajir
5%
ZambiaProvinceLuapula
5%
KenyaCountyTana River
5%
KenyaCountyTaita–Taveta
5%
KenyaCountySiaya
5%
KenyaCountySamburu
5%
KenyaCountyNyeri
5%
KenyaCountyNarok
5%
LesothoDistrictButha-Buthe
5%
KenyaCountyNandi
5%
GhanaRegionBono East
5%
GhanaRegionOti
5%
AlgeriaProvinceBordj Baji Mokhtar
5%
KenyaCountyMigori
5%
KenyaCountyMeru
5%
KenyaCountyMarsabit
5%
LesothoDistrictBerea
5%
LesothoDistrictLeribe
5%
AlgeriaProvinceBéni Abbès
5%
LiberiaCountyMontserrado
5%
GabonProvinceOgooué-Lolo
5%
NamibiaRegionOshikoto
5%
GabonProvinceOgooué-Maritime
5%
LiberiaCountySinoe
5%
LiberiaCountyRiver Gee
5%
AlgeriaProvinceEl M'Ghair
5%
LiberiaCountyNimba
5%
GabonProvinceWoleu-Ntem
5%
GhanaRegionAhafo
5%
LiberiaCountyLofa
5%
LiberiaCountyGrand Kru
5%
LiberiaCountyGrand Cape Mount
5%
LiberiaCountyGrand Bassa
5%
LiberiaCountyGbarpolu
5%
LiberiaCountyBomi
5%
LesothoDistrictThaba-Tseka
5%
LesothoDistrictQuthing
5%
KenyaCountyMandera
5%
AlgeriaProvinceAïn Témouchent
5%
GabonProvinceNyanga
5%
GuineaRegionKindia
5%
Ivory CoastDistrictMontagnes
5%
Ivory CoastDistrictLagunes
5%
Ivory CoastDistrictLacs
5%
Ivory CoastDistrictGôh-Djiboua
5%
Ivory CoastDistrictDenguélé
5%
Ivory CoastDistrictComoé
5%
Ivory CoastDistrictBas-Sassandra
5%
Guinea-BissauRegionTombali
5%
Ivory CoastDistrictVallée du Bandama
5%
Guinea-BissauRegionQuinara
5%
Guinea-BissauRegionOio
5%
Guinea-BissauRegionGabu
5%
Guinea-BissauRegionCacheu
5%
Guinea-BissauRegionBolama
5%
GuineaRegionLabé
5%
Guinea-BissauRegionBiombo
5%
Guinea-BissauRegionBafatá
5%
Ivory CoastDistrictSassandra-Marahoué
5%
Ivory CoastDistrictWoroba
5%
KenyaCountyKwale
5%
KenyaCountyIsiolo
5%
KenyaCountyKitui
5%
GuineaRegionBoké
5%
KenyaCountyKilifi
5%
ZimbabweProvinceMashonaland East
5%
KenyaCountyKericho
5%
ZimbabweProvinceMashonaland West
5%
ZimbabweProvinceMasvingo
5%
ZimbabweProvinceMatabeleland North
5%
GuineaRegionFaranah
5%
KenyaCountyGarissa
5%
KenyaCountyEmbu
5%
ZimbabweProvinceMatabeleland South
5%
KenyaCountyBusia
5%
KenyaCountyBungoma
5%
KenyaCountyBomet
5%
KenyaCountyBaringo
5%
Ivory CoastDistrictZanzan
5%
GabonProvinceOgooué-Ivindo
5%
ChadRegionLogone Oriental
5%
GabonProvinceNgounié
5%
MadagascarProvinceSofia
5%
ChadRegionTandjilé
5%
ChadRegionWadi Fira
5%
MadagascarProvinceBoeny
5%
ComorosIslandMohéli
5%
UgandaDistrictGulu
5%
MoroccoRegionGuelmim-Oued Noun
5%
MadagascarProvinceDiana
5%
MadagascarProvinceItasy
5%
MadagascarProvinceMelaky
5%
UgandaDistrictBusia
5%
Equatorial GuineaProvinceCentro Sur
5%
MauritaniaRegionTrarza
5%
ChadRegionSalamat
5%
GabonProvinceMoyen-Ogooué
5%
MauritaniaRegionTiris Zemmour
5%
Equatorial GuineaProvinceBioko Sur
5%
DjiboutiRegionTadjourah
5%
MaliRegionKoulikoro
5%
MauritaniaRegionTagant
5%
MaliRegionMénaka
5%
MauritaniaRegionInchiri
5%
MaliRegionTaoudénit
5%
MauritaniaRegionHodh Ech Chargui
5%
MauritaniaRegionAssaba
5%
MauritaniaRegionBrakna
5%
UgandaDistrictJinja
5%
MadagascarProvinceAtsimo-Atsinanana
5%
ChadRegionOuaddaï
5%
ChadRegionMayo-Kebbi Ouest
5%
GabonProvinceHaut-Ogooué
5%
LibyaDistrictJafara
5%
NamibiaRegionOshana
5%
NamibiaRegionOmusati
5%
LibyaDistrictJufra
5%
NamibiaRegionOmaheke
5%
EswatiniRegionShiselweni
5%
EswatiniRegionLubombo
5%
EswatiniRegionHhohho
5%
NamibiaRegionOhangwena
5%
LibyaDistrictNalut
5%
LibyaDistrictNuqat al Khams
5%
EritreaRegionGash-Barka
5%
NamibiaRegionKunene
5%
NamibiaRegionKhomas
5%
NamibiaRegionErongo
5%
ChadRegionMayo-Kebbi Est
5%
ChadRegionMandoul
5%
MadagascarProvinceAnosy
5%
MadagascarProvinceAndroy
5%
NamibiaRegionKavango West
5%
ChadRegionLogone Occidental
5%
NamibiaRegionHardap
5%
NamibiaRegionKavango East
5%
LibyaDistrictZawiya
5%
MauritaniaRegionGorgol
5%
TunisiaGovernorateZaghouan
4%
AlgeriaProvinceEl Taref
4%
UgandaDistrictApac
4%
UgandaDistrictAbim
4%
UgandaDistrictArua
4%
TunisiaGovernorateSiliana
4%
UgandaDistrictBuikwe
4%
TunisiaGovernorateSidi Bouzid
4%
UgandaDistrictMoyo
4%
TanzaniaRegionSongwe
4%
TanzaniaRegionSingida
4%
TanzaniaRegionShinyanga
4%
TanzaniaRegionUnguja North
4%
TanzaniaRegionNjombe
4%
UgandaDistrictMbale
4%
TanzaniaRegionUnguja South
4%
UgandaDistrictMbarara
4%
UgandaDistrictLira
4%
UgandaDistrictKumi
4%
UgandaDistrictKalungu
4%
TanzaniaRegionManyara
4%
UgandaDistrictKalangala
4%
TanzaniaRegionKatavi
4%
UgandaDistrictBudaka
4%
UgandaDistrictSoroti
4%
TunisiaGovernorateBen Arous
4%
UgandaDistrictIganga
4%
TunisiaGovernorateJendouba
4%
ZambiaProvinceMuchinga
4%
TunisiaGovernorateKasserine
4%
UgandaDistrictGomba
4%
UgandaDistrictDokolo
4%
TunisiaGovernorateKebili
4%
UgandaDistrictBugiri
4%
TunisiaGovernorateManouba
4%
TunisiaGovernorateMedenine
4%
ZimbabweProvinceManicaland
4%
ZimbabweProvinceMashonaland Central
4%
TanzaniaRegionSimiyu
4%
SeychellesDistrictBaie Sainte Anne
4%
SudanStateAl Jazirah
4%
Equatorial GuineaProvinceDjibloho
4%
MadagascarProvinceAlaotra-Mangoro
4%
MadagascarProvinceAmoron'i Mania
4%
South SudanAdministrative AreaRuweng
4%
MadagascarProvinceAnalamanga
4%
MadagascarProvinceAnalanjirofo
4%
MadagascarProvinceAtsimo-Andrefana
4%
MadagascarProvinceAtsinanana
4%
MadagascarProvinceBetsiboka
4%
MadagascarProvinceBongolava
4%
MadagascarProvinceMenabe
4%
LiberiaCountyMargibi
4%
MadagascarProvinceVakinankaratra
4%
MadagascarProvinceVatovavy-Fitovinany
4%
MauritaniaRegionDakhlet Nouadhibou
4%
MauritaniaRegionGuidimaka
4%
MauritaniaRegionHodh El Gharbi
4%
MauritiusIslandAgaléga
4%
MauritiusIslandSaint Brandon
4%
Central African RepublicPrefectureSangha-Mbaéré
4%
Cape VerdeMunicipalityTarrafal de São Nicolau
4%
Cape VerdeMunicipalityTarrafal
4%
LiberiaCountyRivercess
4%
LiberiaCountyGrand Gedeh
4%
Cape VerdeMunicipalitySão Lourenço dos Órgãos
4%
KenyaCountyMakueni
4%
KenyaCountyElgeyo-Marakwet
4%
KenyaCountyHoma Bay
4%
KenyaCountyKajiado
4%
KenyaCountyKakamega
4%
KenyaCountyKiambu
4%
KenyaCountyKirinyaga
4%
KenyaCountyKisii
4%
KenyaCountyLaikipia
4%
KenyaCountyMachakos
4%
KenyaCountyMurang'a
4%
LesothoDistrictQacha's Nek
4%
KenyaCountyNyamira
4%
KenyaCountyNyandarua
4%
KenyaCountyTharaka-Nithi
4%
KenyaCountyTrans-Nzoia
4%
KenyaCountyUasin Gishu
4%
KenyaCountyVihiga
4%
KenyaCountyWest Pokot
4%
LesothoDistrictMafeteng
4%
LesothoDistrictMohale's Hoek
4%
LesothoDistrictMokhotlong
4%
Cape VerdeMunicipalitySão Salvador do Mundo
4%
MadagascarProvinceIhorombe
4%
Cape VerdeMunicipalitySão Domingos
4%
BurundiProvinceCibitoke
4%
SeychellesDistrictBel Air
4%
SeychellesDistrictBeau Vallon
4%
SeychellesDistrictBaie Lazare
4%
BurundiProvinceKirundo
4%
SeychellesDistrictAu Cap
4%
SeychellesDistrictAnse Royale
4%
BurundiProvinceKayanza
4%
BurundiProvinceKaruzi
4%
SeychellesDistrictAnse Etoile
4%
São Tomé and PríncipeDistrictÁgua Grande
4%
SeychellesDistrictEnglish River
4%
São Tomé and PríncipeDistrictCantagalo
4%
São Tomé and PríncipeDistrictCaué
4%
São Tomé and PríncipeDistrictLembá
4%
São Tomé and PríncipeDistrictLobata
4%
São Tomé and PríncipeDistrictMé-Zóchi
4%
Cape VerdeMunicipalitySanta Catarina do Fogo
4%
SeychellesDistrictAnse Boileau
4%
BurundiProvinceCankuzo
4%
SeychellesDistrictAnse aux Pins
4%
SenegalRegionSédhiou
4%
SeychellesDistrictBel Ombre
4%
SenegalRegionKaffrine
4%
SeychellesDistrictGlacis
4%
BurundiProvinceRumonge
4%
SeychellesDistrictTakamaka
4%
SeychellesDistrictRoche Caïman
4%
SeychellesDistrictPort Glaud
4%
SeychellesDistrictGrand'Anse
4%
Cape VerdeMunicipalityMaio
4%
Cape VerdeMunicipalityMosteiros
4%
SeychellesDistrictPointe La Rue
4%
Cape VerdeMunicipalityRibeira Brava
4%
SeychellesDistrictPlaisance
4%
Cape VerdeMunicipalityRibeira Grande
4%
South SudanAdministrative AreaPibor
4%
SeychellesDistrictOuter Islands
4%
BurundiProvinceMwaro
4%
SeychellesDistrictMont Fleuri
4%
SeychellesDistrictGrand'Anse Praslin
4%
BurundiProvinceMakamba
4%
SeychellesDistrictLes Mamelles
4%
SeychellesDistrictMont Buxton
4%
BurundiProvinceMuramvya
4%
BurundiProvinceRuyigi
4%
Cape VerdeMunicipalityRibeira Grande de Santiago
4%
BurundiProvinceMuyinga
4%
UgandaDistrictNakaseke
3%
UgandaDistrictNakasongola
3%
UgandaDistrictNamutumba
3%
UgandaDistrictNabilatuk
3%
UgandaDistrictNamisindwa
3%
UgandaDistrictNamayingo
3%
UgandaDistrictNakapiripirit
3%
UgandaDistrictMityana
3%
UgandaDistrictMukono
3%
UgandaDistrictMubende
3%
UgandaDistrictMpigi
3%
UgandaDistrictMoroto
3%
UgandaDistrictNebbi
3%
UgandaDistrictMitooma
3%
UgandaDistrictMayuge
3%
UgandaDistrictMasindi
3%
UgandaDistrictMasaka
3%
UgandaDistrictNapak
3%
UgandaDistrictPader
3%
UgandaDistrictNgora
3%
UgandaDistrictRukiga
3%
UgandaDistrictZombo
3%
UgandaDistrictYumbe
3%
UgandaDistrictWakiso
3%
UgandaDistrictTororo
3%
UgandaDistrictSironko
3%
UgandaDistrictSheema
3%
UgandaDistrictSerere
3%
UgandaDistrictMaracha
3%
UgandaDistrictRwampara
3%
UgandaDistrictRukungiri
3%
UgandaDistrictRubirizi
3%
UgandaDistrictNtoroko
3%
UgandaDistrictRubanda
3%
UgandaDistrictRakai
3%
UgandaDistrictPallisa
3%
UgandaDistrictPakwach
3%
UgandaDistrictOyam
3%
UgandaDistrictOtuke
3%
UgandaDistrictOmoro
3%
UgandaDistrictObongi
3%
UgandaDistrictNwoya
3%
UgandaDistrictNtungamo
3%
UgandaDistrictSembabule
3%
UgandaDistrictKyankwanzi
3%
UgandaDistrictManafwa
3%
UgandaDistrictBunyangabu
3%
UgandaDistrictKaberamaido
3%
UgandaDistrictKabarole
3%
UgandaDistrictKabale
3%
UgandaDistrictKaabong
3%
UgandaDistrictIsingiro
3%
UgandaDistrictIbanda
3%
UgandaDistrictHoima
3%
MadagascarProvinceMatsiatra Ambony
3%
UgandaDistrictBuyende
3%
UgandaDistrictBuvuma
3%
UgandaDistrictButebo
3%
UgandaDistrictButambala
3%
UgandaDistrictButaleja
3%
UgandaDistrictBushenyi
3%
UgandaDistrictBundibugyo
3%
UgandaDistrictKakumiro
3%
UgandaDistrictAmuru
3%
UgandaDistrictAdjumani
3%
UgandaDistrictAgago
3%
UgandaDistrictAlebtong
3%
UgandaDistrictAmolatar
3%
UgandaDistrictAmudat
3%
UgandaDistrictAmuria
3%
UgandaDistrictBududa
3%
UgandaDistrictBuliisa
3%
UgandaDistrictBugweri
3%
UgandaDistrictBuhweju
3%
UgandaDistrictBukedea
3%
UgandaDistrictBukomansimbi
3%
UgandaDistrictBukwa
3%
UgandaDistrictBulambuli
3%
UgandaDistrictKagadi
3%
UgandaDistrictKaliro
3%
UgandaDistrictLyantonde
3%
UgandaDistrictKitagwenda
3%
UgandaDistrictLwengo
3%
UgandaDistrictLuweero
3%
UgandaDistrictLuuka
3%
UgandaDistrictLusot
3%
UgandaDistrictLamwo
3%
UgandaDistrictKyotera
3%
UgandaDistrictKyenjojo
3%
UgandaDistrictKyegegwa
3%
UgandaDistrictKween
3%
UgandaDistrictKwania
3%
UgandaDistrictKotido
3%
UgandaDistrictKole
3%
UgandaDistrictKoboko
3%
UgandaDistrictKitgum
3%
UgandaDistrictKisoro
3%
UgandaDistrictKamuli
3%
UgandaDistrictKatakwi
3%
UgandaDistrictKanungu
3%
UgandaDistrictKapchorwa
3%
UgandaDistrictKapelebyong
3%
UgandaDistrictKarenga
3%
UgandaDistrictKasanda
3%
UgandaDistrictKasese
3%
UgandaDistrictKayunga
3%
UgandaDistrictKiryandongo
3%
UgandaDistrictKazo
3%
UgandaDistrictKibaale
3%
UgandaDistrictKiboga
3%
UgandaDistrictKibuku
3%
UgandaDistrictKibuube
3%
UgandaDistrictKiruhura
3%
UgandaDistrictKamwenge
3%

Score Distribution

Percentile by Number Answered

Percent of People with Each Score

Your Score History

You have not taken this quiz